United state (Record no. 38505)
[ view plain ]
| 000 -LEADER | |
|---|---|
| fixed length control field | 00381nam a2200157Ia 4500 |
| 022 ## - INTERNATIONAL STANDARD SERIAL NUMBER | |
| ISSN | RC 356 .N48/ |
| 050 ## - CALL MARK | |
| Classification number | Neurology |
| 245 #0 - TITLE STATEMENT | |
| Title | United state |
| 260 ## - PUBLICATION, DISTRIBUTION, ETC. (IMPRINT) | |
| Place of publication | Wolters kluwer |
| 260 ## - PUBLICATION, DISTRIBUTION, ETC. (IMPRINT) | |
| Name of publisher | 2018 |
| 260 ## - PUBLICATION, DISTRIBUTION, ETC. (IMPRINT) | |
| Year of publication | 33 p. :ill. ; 28 cm. |
| 300 ## - PHYSICAL DESCRIPTION | |
| Number of Pages | Neurology--Handbooks, manuals, etc. |
| 650 ## - SUBJECT ADDED ENTRY--TOPICAL TERM | |
| Topical Term | SR |
No items available.